000
00327 a2200157 4500
001
72145
020
_a
040
_c
Anchieta - Colégio São Paulo
100
_a
Rocha, Kátia
240
1
0
_a
Euzinha
_l
por
245
1
0
_a
Euzinha
300
_a
[39p.]
362
0
_a
2001
650
4
_a
Literatura infanto-juvenil
942
_c
BK
999
_c
72145
_d
72145